LIBRARY & INFORMATION CENTRE, KCAET, TAVANUR

ONLINE PUBLIC ACCESS CATALOGUE (OPAC)

Concepts of food process engineering (Record no. 14849)

MARC details
000 -LEADER
fixed length control field 00429nam a22001697a 4500
003 - CONTROL NUMBER IDENTIFIER
control field OSt
008 - FIXED-LENGTH DATA ELEMENTS--GENERAL INFORMATION
fixed length control field 230510b |||||||| |||| 00| 0 eng d
020 ## - INTERNATIONAL STANDARD BOOK NUMBER
ISBN 9789327239232
041 ## - LANGUAGE CODE
Language code of text/sound track or separate title eng
082 ## - DEWEY DECIMAL CLASSIFICATION NUMBER
Classification number 664.02
Item number DAS/CO
100 ## - MAIN ENTRY--AUTHOR NAME
Personal name Dash, Sanjaya K
245 ## - TITLE STATEMENT
Title Concepts of food process engineering
260 ## - PUBLICATION, DISTRIBUTION, ETC. (IMPRINT)
Place of publication Ludhiana
Name of publisher Kalyani Publishers
Year of publication 2017
300 ## - PHYSICAL DESCRIPTION
Number of Pages 404p
700 ## - ADDED ENTRY--PERSONAL NAME
Personal name Sahoo, Nihar Ranjan
942 ## - ADDED ENTRY ELEMENTS (KOHA)
Koha item type Books
Holdings
Withdrawn status Lost status Damaged status Home library Current library Shelving location Date acquired Cost, normal purchase price Full call number Accession Number Koha item type Collection code Source of acquisition
      KAUAET KAUAET General Stacks 30/03/2017 350.00 664.02 DAS/CO 25337 Books    
      KAUAET KAUAET General Stacks 30/03/2017 350.00 664.02 DAS/CO 25338 Books    
      KAUAET KAUAET General Stacks 30/03/2017 350.00 664.02 DAS/CO 25339 Books    
      KAUAET KAUAET General Stacks 30/03/2017 350.00 664.02 DAS/CO 25340 Books    
      KAUAET KAUAET Scheme 27/07/2020 395.00 664.02 DAS/CO BB 534 Book Bank scheme for SC students General Books Aman Book stall
      KAUAET KAUAET Scheme 27/07/2020 395.00 664.02 DAS/CO BB 535 Book Bank scheme for SC students General Books Aman Book stall
      KAUAET KAUAET Scheme 27/07/2020 395.00 664.02 DAS/CO BB 536 Book Bank scheme for SC students General Books Aman Book stall
      KAUAET KAUAET Scheme 27/07/2020 395.00 664.02 DAS/CO BB 537 Book Bank scheme for SC students General Books Aman Book stall
      KAUAET KAUAET   26/08/2022   664.02 DAS/CO 25336 Books    
      KAUAET KAUAET General Stacks 25/03/2023 350.00 664.02 DAS/CO 26183 Books General Books eedeeyou
free website counter